100 Biggest Cities of Angola on a Map - Statistics

General Stats
  • This quiz has been taken 71 times
  • The average score is 15 of 100
Answers on the Map
Answers color-coded by a green-red scale on the quiz's map according to % correct below.
 
Answer Stats
Population City % Correct
6,759,313 Luanda
100%
550,000 Cabinda
79%
555,124 Benguela
73%
595,304 Huambo
64%
600,751 Lubango
55%
357,950 Lobito
45%
455,000 Malanje
45%
255,000 Moçâmedes
45%
273,675 Luena
39%
322,531 Uíge
39%
200,920 Soyo
36%
393,000 Saurimo
33%
355,423 Kuito
30%
251,178 Menongue
30%
177,604 Dundo
27%
205,832 Sumbe
27%
148,000 M'banza-Kongo
24%
161,584 N'dalatando
24%
121,537 Ondjiva
21%
45,000 Baía Farta
18%
130,000 Caála
18%
116,903 Gabela
18%
110,000 Lucapa
15%
70,481 Bailundo
12%
31,000 Caluquembe
12%
55,000 Caxito
12%
90,367 Cubal
12%
64,643 Dondo
12%
91,605 Porto Amboim
12%
31,382 Songo
12%
11,640 Ambriz
9%
50,000 Andulo
9%
35,000 Bocoio
9%
15,000 Caconda
9%
39,302 Cacuso
9%
90,000 Cafunfo
9%
12,767 Cahama
9%
44,000 Calulo
9%
21,767 Camabatela
9%
95,034 Catumbela
9%
90,000 Cela
9%
10,000 Chibia
9%
26,811 Chinguar
9%
10,000 Chipindo
9%
25,000 Chitembo
9%
12,000 Damba
9%
25,000 Dombe Grande
9%
65,000 Ganda
9%
15,000 Lândana
9%
23,000 Longonjo
9%
55,432 Luau
9%
19,000 Lumbala
9%
42,000 Maquela do Zombo
9%
78,000 Matala
9%
33,558 Mussende
9%
92,950 Negage
9%
60,000 Nzagi
9%
28,840 N'Zeto
9%
27,128 Quibala
9%
23,014 Quipungo
9%
47,421 Seles
9%
21,809 Ukuma
9%
35,000 Xangongo
9%
17,000 Alto Hama
6%
36,361 Balombo
6%
10,500 Bibala
6%
13,217 Buco-Zau
6%
14,544 Caimbambo
6%
15,000 Calucinga
6%
59,000 Camacupa
6%
12,930 Camanongue
6%
17,212 Cambundi
6%
16,232 Cangandala
6%
20,000 Cassanguide
6%
28,831 Catabola
6%
34,000 Cazombo
6%
21,260 Conda
6%
55,000 Cuango
6%
15,000 Cuchi
6%
19,995 Cuemba
6%
41,878 Cuimba
6%
11,812 Cunhinga
6%
13,997 Ekunha
6%
19,992 Golungo Alto
6%
19,422 Lucala
6%
21,662 Mungo
6%
18,000 N'Harea
6%
13,726 Quilenda
6%
20,358 Tomboco
6%
75,000 Barra do Dande
3%
13,498 Cacolo
3%
26,974 Catchiungo
3%
12,000 Chongoroi
3%
66,202 Gama
3%
12,000 Jamba
3%
17,000 Londuimbale
3%
14,138 Lumeje Kameia
3%
29,000 Santa Clara
3%
23,000 Sanza Pombo
3%
46,573 Tômbua
3%
No matching quizzes found
Score Distribution
Percent of People with Each Score
Percentile by Number Answered
Your Score History
You have not taken this quiz